| 000 | 01013nam a2200289 c 4500 | ||
|---|---|---|---|
| 999 |
_c56848 _d56848 |
||
| 003 | BLK | ||
| 005 | 20221011094116.0 | ||
| 008 | 180408b bul|||||r ||||||| ||bul|| | ||
| 010 | _aKNG00060834000 | ||
| 040 | _aBLK | ||
| 041 |
_aBUL _cBUL |
||
| 080 |
_aКостилкови плодови растения - Кайсия, слива, вишня, череша, праскова и др. _b634.2 _z634.2 |
||
| 100 | 1 |
_aИлиев, Иван _9364404 |
|
| 139 |
_aИлиев, Иван и др. _bИ 52 |
||
| 245 | 1 | 0 |
_aКайсия _bМоногр. _cИван Илиев; съавт. Никола Стефанов. |
| 257 | _aBGR | ||
| 260 |
_bХристо Г. Данов _c1970 _aПловдив |
||
| 300 |
_a176 с. _c20 см |
||
| 380 | _a63 | ||
| 500 | _aБиблиогр. с. 169-173. | ||
| 700 | 1 |
_aСтефанов, Никола _eсъавт. _9369386 |
|
| 852 | _aЦб 54037 | ||
| 856 | 4 | _qpdf | |
| 856 | 4 | _qpdf | |
| 942 |
_cKNG _n0 _s1 |
||
| 944 |
_aCR _c13.06.2004 _kЧиталня |
||
| 944 |
_aED _c19.08.2015 |
||
| 999 | _d56848 | ||